India after 1991 (Record no. 492514)

000 -LEADER
fixed length control field 00418cam a22001457a 4500
008 - FIXED-LENGTH DATA ELEMENTS--GENERAL INFORMATION
fixed length control field 180718b1998 xxu||||| |||| 00| 0 eng d
082 ## - DEWEY DECIMAL CLASSIFICATION NUMBER
Classification number T19x54 P882
100 ## - MAIN ENTRY--PERSONAL NAME
Personal name Prasad, Pradhan H.
245 ## - TITLE STATEMENT
Title India after 1991
Statement of responsibility, etc. by Pradhan H. Prasad
260 ## - PUBLICATION, DISTRIBUTION, ETC.
Place of publication, distribution, etc. Patna
Name of publisher, distributor, etc. Marut Pub.
Date of publication, distribution, etc. 1998
300 ## - PHYSICAL DESCRIPTION
Extent 76p.
650 ## - SUBJECT ADDED ENTRY--TOPICAL TERM
Topical term or geographic name entry element International relations
650 ## - SUBJECT ADDED ENTRY--TOPICAL TERM
Topical term or geographic name entry element Globalization - India
650 ## - SUBJECT ADDED ENTRY--TOPICAL TERM
Topical term or geographic name entry element India - Economic conditions - 1991-
Holdings
Withdrawn status Lost status Damaged status Not for loan Permanent Location Current Location Date acquired Full call number Barcode Date last seen Price effective from Koha item type
        Indian Institute of Public Administration Indian Institute of Public Administration 2018-08-04 T19x54 P882 GR16409 2018-08-04 2018-08-04 GR

Powered by Koha